00851nam a2200229 a 450000100060000000300080000600500170001400800410003102000230007202000150009503500190011004000270012904100130015608200290016910000310019824501300022926000570035930000270041650000720044350400660051565000400058158899BD-RjUL20211209080652.0161220s1992 ja b f001 0 eng  a4130470558 (Japan) a0860084884 a(BD-RjUL)59023 aDLCcDLCbengdBD-RjUL1 aenghjap00a338.850952223bMOZ 19921 aMorikawa, Hidemasa,d1930-10aZaibatsu :bthe rise and fall of family enterprise groups in Japan /cHidemasa Morikawa ; foreword by Alfred D. Chandler, Jr. a[Tokyo, Japan] :bUniversity of Tokyo Press,cc1992. axxiv, 283 p. ;c24 cm. aTranslation, with revisions, of: Zaibatsu no keieishiteki kenkyū. aIncludes bibliographical references (p. [249]-273) and index. 0aTrusts, IndustrialzJapanxHistory.